Типологии права и правосознания (Запись № 13556059)

Подробности
000 -МАРКЕР
контрольное поле 03034nam0a2200409 4500
001 - ИДЕНТИФИКАТОР ЗАПИСИ
контрольное поле RU\NLR\BIBL_A\022689752
005 - ИДЕНТИФИКАТОР ВЕРСИИ
контрольное поле 20260305133241.0
010 ## - МЕЖДУНАРОДНЫЙ СТАНДАРТНЫЙ НОМЕР КНИГИ (ISBN)
Номер (ISBN) 978-5-238-04092-9
Тираж 500
021 ## - НОМЕР ГОСУДАРСТВЕННОЙ РЕГИСТРАЦИИ
Код страны Российская Федерация
Номер КН-П-25-062997
Номер Листа государственной регистраци КН-П-25-6099
035 ## - ДРУГИЕ СИСТЕМНЫЕ НОМЕРА
Идентификатор записи (NLR Aleph) 022689752
100 ## - ДАННЫЕ ОБЩЕЙ ОБРАБОТКИ
Данные общей обработки 20251217d2025 u y0rusy50 ca
101 0# - ЯЗЫК РЕСУРСА
Язык текста, звукозаписи и т.д. русский
102 ## - СТРАНА ПУБЛИКАЦИИ ИЛИ ПРОИЗВОДСТВА
Страна публикации Российская Федерация
105 ## - ПОЛЕ КОДИРОВАННЫХ ДАННЫХ: ТЕКСТОВЫЕ МАТЕРИАЛЫ, МОНОГРАФИЧЕСКИЕ
Кодированные данные о монографическом текстовом документе y z 010zy
181 #0 - ПОЛЕ КОДИРОВАННЫХ ДАННЫХ: ВИД СОДЕРЖАНИЯ
Код вида содержания (ISBD) i4
Код характеристики содержания (ISBD) axxe
182 #0 - ПОЛЕ КОДИРОВАННЫХ ДАННЫХ: ТИП СРЕДСТВА
Код типа средства (ISBD) n - непосредственное
200 1# - ЗАГЛАВИЕ И СВЕДЕНИЯ ОБ ОТВЕТСТВЕННОСТИ
Основное заглавие Типологии права и правосознания
Сведения, относящиеся к заглавию концептуальное единство и многообразие
-- монография. Научная специальность 5.1.1 "Теоретико-исторические правовые науки"
Первые сведения об ответственности [В. П. Малахов - доктор юридических наук, кандидат философских наук, профессор, Н. Д. Эриашвили - доктор экономических наук, кандидат юридических наук, кандидат исторических наук, профессор, А. А. Абдуразаков - кандидат юридических наук, доцент и др.]
Последующие сведения об ответственности под общей редакцией доктора юридических наук, кандидата философских наук, профессора, заслуженного работника высшей школы РФ В. П. Малахова, кандидата исторических наук, кандидата юридических наук, доктора экономических наук, профессора, лауреата премии Правительства РФ в области образования Н. Д. Эриашвили
203 ## - ВИД СОДЕРЖАНИЯ И ТИП СРЕДСТВА
Вид содержания Текст
Дополнительные сведения об издании визуальный
Тип средства непосредственный
205 ## - СВЕДЕНИЯ ОБ ИЗДАНИИ
Сведения об издании 2-е изд., перераб. и доп.
210 ## - ПУБЛИКАЦИЯ, РАСПРОСТРАНЕНИЕ И ДР.
Место издания, распространения и т.д. Москва
Имя издателя, распространителя и т. д. ЮНИТИ-ДАНА, Закон и право
Дата издания, распространения и т.д. 2025
215 ## - ФИЗИЧЕСКАЯ ХАРАКТЕРИСТИКА
Специфическое обозначение материала и объем 631 с.
Размеры 22
225 1# - СЕРИЯ
Основное заглавие серии Серия научных изданий Теоретико-исторические правовые дисциплины
300 ## - ОБЩИЕ ПРИМЕЧАНИЯ
Текст примечания Авт. указаны на 6-й с.
300 ## - ОБЩИЕ ПРИМЕЧАНИЯ
Текст примечания На обл.: 2-е изд.
300 ## - ОБЩИЕ ПРИМЕЧАНИЯ
Текст примечания На тит. с.: К 80-летию Победы в Великой Отечественной войне
320 ## - ПРИМЕЧАНИЯ О НАЛИЧИИ В ДОКУМЕНТЕ БИБЛИОГРАФИИ / УКАЗАТЕЛЯ
Текст примечания Библиогр. в подстроч. примеч.
606 1# - НАИМЕНОВАНИЕ ТЕМЫ КАК ПРЕДМЕТ
Наименование темы Право
Тематический подзаголовок Теория
Код системы nlr_sh1
-- nlr_sh2
Идентификатор авторитетной/нормативной записи RU\NLR\AUTH\66130636
606 1# - НАИМЕНОВАНИЕ ТЕМЫ КАК ПРЕДМЕТ
Наименование темы Правосознание
Код системы nlr_sh1
-- nlr_sh2
Идентификатор авторитетной/нормативной записи RU\NLR\AUTH\66720100
686 1# - ИНДЕКСЫ ДРУГИХ КЛАССИФИКАЦИЙ
Индекс Х062.003
701 #1 - ИМЯ ЛИЦА - АЛЬТЕРНАТИВНАЯ ОТВЕТСТВЕННОСТЬ
Начальный элемент ввода Малахов
Часть имени, кроме начального элемента ввода В. П.
Даты 1947-
Расширение инициалов личного имени Валерий Петрович
Идентификатор авторитетной/нормативной записи RU\NLR\AUTH\7754805
701 #1 - ИМЯ ЛИЦА - АЛЬТЕРНАТИВНАЯ ОТВЕТСТВЕННОСТЬ
Начальный элемент ввода Эриашвили
Часть имени, кроме начального элемента ввода Н. Д.
Даты 1960-
Расширение инициалов личного имени Нодари Дарчоевич
Идентификатор авторитетной/нормативной записи RU\NLR\AUTH\7728378
Код отношения Автор
701 #1 - ИМЯ ЛИЦА - АЛЬТЕРНАТИВНАЯ ОТВЕТСТВЕННОСТЬ
Начальный элемент ввода Абдуразаков
Часть имени, кроме начального элемента ввода А. А.
Расширение инициалов личного имени Ахмед Абдурахманович
942 ## - ДОПОЛНИТЕЛЬНЫЕ ЭЛЕМЕНТЫ ЗАПИСИ (АБИС)
Тип экземпляра АБИС Книга
980 ## - КОЛЛЕКЦИЯ
Название коллекции Национальная библиография

Нет доступных экземпляров.